000 00518nam a2200181Ia 4500
008 100122s9999 xx 000 0 und d
082 _b65876
_aBM823.08
100 _aBLYTON ENID
245 _aFIVE GO TO DEMONS ROCKS ( THE FAMOUS FIVE )
250 _a1
260 _bHODDER CHILDREN`S BOOK
_c1991
300 _a151
520 _aTHE FAMOUS FIVE
620 _aTHE FAMOUS FIVE
630 _aFIVE GO TO DEMONS ROCKS ( THE FAMOUS FIVE )
730 _aFIVE GO TO DEMONS ROCKS ( THE FAMOUS FIVE )
942 _cBOOK
999 _c380230
_d380227